| 000 | 00407nam a2200169 a 4500 | ||
|---|---|---|---|
| 001 | 4471 | ||
| 005 | 20180713184339.0 | ||
| 008 | 140415s1990 000 0 spa d | ||
| 041 | _aspa | ||
| 082 |
_a615.788 _bURI |
||
| 100 | 1 | _aURIARTE, VICTOR | |
| 245 | 1 | 0 | _aPSICOFARMACOLOGIA |
| 250 | _a3a ed. | ||
| 260 |
_a[s.l.] : _bTRILLAS, _c1990 |
||
| 300 | _a384 | ||
| 650 | 1 | 4 | _aPSICOFARMACOLOGIA |
| 999 |
_c4471 _d4471 |
||